000 00841cam a22001457a 4500
008 180718b1973 xxu||||| |||| 00| 0 eng d
082 _aK782x5433 P696
100 _aPunjab. Enquiry Committee of Legislators appointed by Government to probe into the setting up of sizeable Agricultural Farms on Evacuee Lands by Officers, their Relatives and other Influential Public Men
245 _aReport of the Enquiry Committee of Legislators appointed by Government to probe into the setting up of sizeable Agricultural Farms on Evacuee Lands by Officers, their relatives and other influential Public Men
_cby Department of Rehabilitation
260 _aChandigarh
_bDepartment of Rehabilitation
_c1973
300 _a121+p.
500 _aChairman: Harchand Singh
700 _aPunjab. Department of Rehabilitation
700 _aSingh, Harchand, Chairman
999 _c489354
_d489354